01014cam a2200241 a 45000010008000000030004000080050017000120080041000290100017000700200025000870400018001120500018001300820024001482450186001722600046003583000037004044400035004415040039004766500038005157000046005537000087005997000086006864732243OSt20210204164612.0840424s1984 orua b 001 0 eng  a 84009282  a0880700637 :c$11.95 aDLCcDLCdDLC00aBX2349bV145B00a248.4/82219bV145B04aThe Benefit of Christ :bliving justified because of Christ's death /cby Juan de Valdés and Don Benedetto ; abridged and edited by James M. Houston ; introduction by Leon Morris. aPortland, Or. :bMultnomah Press,cc1984. axxxiii, 198 p. :bill. ;c22 cm. 0aClassics of faith and devotion aIncludes bibliography and indexes. 0aChristian lifexCatholic authors.1 aHouston, J. M.q(James Macintosh),d1922-12aValdés, Juan de,d-1541.tConsideraciones divinas.kSelections.lEnglish.f1984.02aBenedetto,cda Mantova,dactive 1534-1541.tBeneficio di Cristo.lEnglish.f1984.